000 00987nam a22003257a 4500
001 69675
003 DO-SdBPM
005 20251029122317.0
007 ta
008 150724s1999 sp a 000 spa
020 _a8481301736
040 _aDO-SdBPM
_bspa
_cBPMSU
_erda
041 1 _aspa
082 4 _a843.5
_bV935c 1999
_222
100 1 _aVoltaire, Francois Marie Arouet de
_d1694-1778
_eautor
245 1 0 _aCándido o el optimismo /
_cVoltaire
246 1 3 _aEl optimismo
264 _aMadrid :
_bMilenium,
_c1999
300 _a93 páginas
_c22 cm.
336 _atexto
_btxt
_2rdacontent
337 _asin mediación
_bn
_2rdamedia
338 _avolumen
_bnc
_2rdacarrier
490 0 _aBiblioteca El mundo ;
_aMilenium. Las 100 joyas del milenium.
_v4
590 _aInventariado, 2025/VM
650 7 _aNovela francesa
650 7 _aOptimismo
_v Novela
700 1 _4Sánchez Ostiz, Miguel
_aprólogo
910 _aVMateo V. Control de calidad. BPMSU
942 _2ddc
_cBK
999 _c8565
_d8565